000
00280nam a22001337a 4500
008
170303b xxu||||| |||| 00| 0 eng d
020
_a
9780131489882
041
_a
eng
080
_a
575
100
_a
6
101
_a
shm
245
_a
ESSENTIAL GENES
_c
LEWIN.B
942
_2
udc
_c
BK
999
_c
6735
_d
6735